Cantos para niños : (Record no. 6550)
[ view plain ]
| 000 -CABECERA | |
|---|---|
| campo de control de longitud fija | 00788nam a2200229 a 4500 |
| 003 - IDENTIFICADOR DEL NÚMERO DE CONTROL | |
| campo de control | MX-MxUPN |
| 005 - FECHA Y HORA DE LA ÚLTIMA TRANSACCIÓN | |
| campo de control | 20250113084346.0 |
| 008 - ELEMENTOS DE LONGITUD FIJA--INFORMACIÓN GENERAL | |
| campo de control de longitud fija | 991125q1940 mx a 000 0 spa d |
| 035 ## - NÚMERO DE CONTROL DEL SISTEMA | |
| Número de control de sistema | UPN01000006550 |
| 040 ## - FUENTE DE LA CATALOGACIÓN | |
| Centro catalogador/agencia de origen | MX-MxUPN |
| Lengua de catalogación | spa |
| Centro/agencia transcriptor | MX-MxUPN |
| 041 0# - CÓDIGO DE IDIOMA | |
| Código de lengua del texto/banda sonora o título independiente | spa |
| 050 #4 - SIGNATURA TOPOGRÁFICA DE LA BIBLIOTECA DEL CONGRESO | |
| Número de clasificación | M1998.18 |
| Número de documento/Ítem | S2.8 |
| 100 1# - ASIENTO PRINCIPAL--NOMBRE PERSONAL | |
| Nombre de persona | Sandi Meneses, Luis, |
| Fechas asociadas al nombre | 1905-1996 |
| 9 (RLIN) | 29948 |
| 245 10 - MENCIÓN DE TÍTULO | |
| Título | Cantos para niños : |
| Resto del título | método de solfeo y canto coral : no. 1 / |
| Mención de responsabilidad, etc. | Luis Sandi. |
| 260 ## - PUBLICACIÓN, DISTRIBUCIÓN, ETC. | |
| Lugar de publicación, distribución, etc. | México : |
| Nombre del editor, distribuidor, etc. | E.D.I.A.P.S.A., |
| Fecha de publicación, distribución, etc. | [1940?]. |
| 300 ## - DESCRIPCIÓN FÍSICA | |
| Extensión | 96 páginas : |
| Otras características físicas | música |
| 500 ## - NOTA GENERAL | |
| Nota general | Partituras musicales con letra y música |
| 500 ## - NOTA GENERAL | |
| Nota general | "Primer grado del segundo ciclo de la escuela primaria"--portada |
| 650 #4 - ASIENTO SECUNDARIO DE MATERIA - TERMINO TEMATICO | |
| Término de materia o nombre geográfico como elemento de entrada | Canciones escolares mexicanas |
| 9 (RLIN) | 5619 |
| 650 #4 - ASIENTO SECUNDARIO DE MATERIA - TERMINO TEMATICO | |
| Término de materia o nombre geográfico como elemento de entrada | Canciones infantiles mexicanas |
| 9 (RLIN) | 5714 |
| 942 ## - ELEMENTOS DE PUNTO DE ACCESO ADICIONAL (KOHA) | |
| Fuente del sistema de clasificación o colocación | Library of Congress Classification |
| Tipo de ítem Koha | Libro |
| Estado de retiro | Estado de pérdida | Fuente del sistema de clasificación o colocación | Estado dañado | No para préstamo | Código de colección | Localización permanente | Ubicación/localización actual | Ubicación en estantería | Fecha de adquisición | Clasificación | Código de barras | Fecha visto por última vez | Tipo de ítem Koha | Número de copia | Precio válido a partir de |
|---|---|---|---|---|---|---|---|---|---|---|---|---|---|---|---|
| Library of Congress Classification | Disponible (Préstamo en sala) | Libros de texto | Bib. Gregorio Torres Quintero | Bib. Gregorio Torres Quintero | Colecciones especiales Planta alta | 22/06/2022 | M1998.18 S2.8 | 48648 | 31/12/2020 | Libro | |||||
| Library of Congress Classification | Disponible (Préstamo en sala) | Libros de texto | Bib. Gregorio Torres Quintero | Bib. Gregorio Torres Quintero | Colecciones especiales Planta alta | 22/06/2022 | M1998.18 S2.8 | 48649 | 31/12/2020 | Libro | |||||
| Library of Congress Classification | Disponible (Préstamo en sala) | Libros de texto | Bib. Gregorio Torres Quintero | Bib. Gregorio Torres Quintero | Colecciones especiales Planta alta | 22/06/2022 | M1998.18 S2.8 | 48651 | 31/12/2020 | Libro | |||||
| Library of Congress Classification | Disponible (Préstamo en sala) | Libros de texto | Bib. Gregorio Torres Quintero | Bib. Gregorio Torres Quintero | Colecciones especiales Planta alta | 22/06/2022 | M1998.18 S2.8 | 123324 | 31/12/2020 | Libro | |||||
| Library of Congress Classification | Coleccion LT | Libros de texto | Bib. Gregorio Torres Quintero | Bib. Gregorio Torres Quintero | Libros de Texto | 22/06/2022 | M1998.18 S2.8 | 48650 | 22/06/2022 | Libro | Ej. 5 | 22/06/2022 |
